| 000 | 00633nam a2200241 a 4500 | ||
|---|---|---|---|
| 001 | nice12345678 | ||
| 003 | IN_TiNIC | ||
| 005 | 20260116013418.0 | ||
| 008 | 050524s1991 boma grp 000 0 eng | ||
| 020 |
_a _c100 |
||
| 082 | 0 | 0 |
_a297.122 _bKAM |
| 100 | _aKaluddin, Khwaja | ||
| 245 | _aIntroduction to the Study of the Holy Qur`an. | ||
| 260 |
_aBombay _bDarul Ishaat Kutub Khana Islamia _c1991 |
||
| 300 | _a95p. | ||
| 500 | _aincludes index and biblioraphy | ||
| 505 | 2 | _avol.Nos. X and XIII only | |
| 650 | _aQuran-Appreciation | ||
| 700 | 1 | _aKaluddin, Khwaja | |
| 902 | _bSRS | ||
| 942 | _cBK | ||
| 999 |
_c10887 _d10887 |
||